000 00362nam a2200157Ia 4500
003 0STCL
008 150530s9999 xx 000 0 und d
040 _aSTCL
_cSTCL
100 _aGeoffery Crowther
245 _aOutline of money
260 _bThomas Nelson and sons
_c1945
546 _aEnglish
942 _2ddc
_cBK
999 _c13457
_d13457
005 20220125165655.0